1655 1211 1450 1638 1123 1085 1807 1729 1590 1759 1928 1754 1266 1497 1219 1849 1753 1604 1025 1560 1396 1188 1004 1078 1818 1362 1695 1150 1962 1957 1757 1055 1866 1712 1902 1039 1918 1500 1146 1516 1416 1708 1994 1071 1505 1137 1833 1771 1852 1589 1754 1050 1857 1593 1129 1966 1988 1655 1532 1937 1754 1298 1266 1284 1550 1872 1501 1976 1473 1359 1678 1146 1998 1647 1527 1566 1657 1867 1932 1040 1023 1787 1834 1881 1331 1909 1564 1675 1855 1091 1905 1662 1521 1485 1680 1935 1437 1227 1483 BCNSPRNW ULIB Ver.6.0+V

เปลี่ยนเป็นภาษาไทย

Change to English
 แสดงรายละเอียดบรรณานุกรม
  กลับหน้าหลัก

Brief Record : Get Marc (ISO 2709) : E-mail record : QR code < ปิดหน้าต่าง
LEADER : 00000nam 2200000uu 4500
001    13399108453
003     ULIB
008    110303s2010||||th 000 0 eng d
020    1416054795
060     WY161^bI24C 2010
245 00 Clinical decision-making study guide medical-surgical nursing : patient-centered collaborative care/^cIgnatavicius,Donna D.
250     6th ed.
260    St. Louis:^bSaunders,^c2010
300    728 pp :^bill.
650  7 Surgical Nursing
700 1  Workman, M. LInda
856    ^z1.jpg (Content)^uhttp://192.168.190.19/ULIB6//_fulltext/5/13399108453/20150825173718_4015.jpg
856    ^z2.jpg (Content)^uhttp://192.168.190.19/ULIB6//_fulltext/5/13399108453/20150825173721_892.jpg
856    ^z3.jpg (Content)^uhttp://192.168.190.19/ULIB6//_fulltext/5/13399108453/20150825173725_2953.jpg
945    ^p2100^l0^i027605
995    ทศพร
999    ^aใช้งานได้ทุกระบบ
รายการนี้ยังไม่มีแท็ก
คุณยังไม่ได้ล็อกอิน คุณสามารถมีกิจกรรมร่วมกับเว็บไซต์ได้ แต่ต้องล็อกอินก่อน ::
  ล็อกอิน

รายการสื่อสารสนเทศ

ลำดับที่ ประเภท เลขเรียก/บาร์โค้ด สถานที่ สถานะ
- ไม่พบข้อมูล -

รายการใกล้เคียง
    หัวเรื่อง [Surgical Nursing]

BibComment


ยังไม่เคยถูกคอมเมนท์

คอมเมนท์ทรัพยากรรายการนี้
  คอมเมนท์: Clinical decision..


 Copyright 2026. Bcnsprnw @Library